| 000 | 01810nam a2200469 i 4500 | ||
|---|---|---|---|
| 001 | DIGAKAL0473 | ||
| 003 | NyNyDIG | ||
| 007 | cr ||||||||||| | ||
| 008 | 220606s2018 sp a ob 000 0 spa d | ||
| 006 | m o d | ||
| 035 | _a(OCoLC)1041904894 | ||
| 040 |
_aDGITA _beng _erda _epn _cDGITA |
||
| 020 |
_a9788446046257 _qeBook |
||
| 020 | _z9788446045359 | ||
| 041 | 1 |
_aspa _hger |
|
| 050 | 1 | 4 | _aPT1528 ebook |
| 082 | 1 | 4 | _a831.21 |
| 130 | 0 |
_aKudrun. _lSpanish _s(Paradés Tierno and Mariño) |
|
| 245 | 1 | 0 |
_aKudrun / _cAnónimo ; edición de Oliva Paradés Tierno y Francisco Manuel Mariño. |
| 264 | 1 |
_aTres Cantos, Madrid, España : _bAkal, _c[2018] |
|
| 300 |
_a1 online resource : _billustrations. |
||
| 336 |
_atext _btxt _2rdacontent |
||
| 337 |
_acomputer _bc _2rdamedia |
||
| 338 |
_aonline resource _bcr _2rdacarrier |
||
| 347 |
_atext file _2rdaft |
||
| 347 | _bEPUB | ||
| 490 | 1 |
_aAkal básica de bolsillo ; _v343. _aClásicos de la literatura alemana |
|
| 504 | _aIncludes bibliographical references. | ||
| 588 | 0 | _aOnline resource; title from ePub title page (Digitalia, viewed June 6, 2022) | |
| 655 | 7 |
_aEpic poetry. _2lcgft |
|
| 655 | 0 | _aElectronic books. | |
| 700 | 1 |
_aParadés Tierno, Oliva, _eeditor. |
|
| 700 | 1 |
_aMariño, Francisco Manuel, _eeditor. |
|
| 730 | 0 |
_iTranslation of: _aKudrun. |
|
| 791 | 2 |
_aDigitalia (Firm), _edistributor. |
|
| 793 | 0 |
_gDigitalia eBook Collection: _aAkal |
|
| 776 | 0 | 8 |
_iPrint version: _aKudrun. Spanish (Paradés Tierno and Manuel Mariño). _tKudrun. _dTres Cantos, Madrid, España : Akal, [2018] _z9788446045359 |
| 830 | 0 |
_aAkal bolsillo. _pSerie Clásicos de la literatura alemana ; _v343. |
|
| 856 | 4 | 0 |
_3Digitalia Hispánica _uhttps://www.digitaliapublishing.com/a/55154/ |
| 910 | _aPremium collection: 2022 | ||
| 942 | _cRAA | ||
| 999 |
_c254143 _d254143 |
||